[Event "Rottach Egern Seniors Cup 12th"]
[Site "Rottach Egern"]
[Date "2024.04.09"]
[Round "4"]
[White "Wenner, Tobias"]
[Black "Pruefer, Friedbert"]
[Result "1/2-1/2"]
[WhiteElo "2051"]
[BlackElo "2209"]
[PlyCount "131"]
[EventDate "2024.04.06"]
[EventType "swiss"]
[EventRounds "9"]
[EventCountry "GER"]
[SourceTitle "CB16_2024"]
[SourceDate "2024.04.17"]
[SourceVersion "1"]
[SourceVersionDate "2024.04.17"]
[SourceQuality "1"]

1. Nf3 Nf6 2. c4 g6 3. Nc3 d5 4. cxd5 Nxd5 5. h4 Bg7 6. h5 Nxc3 7. bxc3 c5 8. e4 Nc6 9. Bb5 Bd7 10. h6 Bf6 11. Bxc6 Bxc6 12. e5 Bxf3 13. Qxf3 Bxe5 14. Qxb7 0-0 15. Qe4 Bf6 16. Rb1 Rb8 17. Rxb8 Qxb8 18. Rh3 Rd8 19. Rd3 Bg5 20. Rxd8+ Qxd8 21. Qe5 Bxh6 22. Qxc5 Qd7 23. Qc4 Qb7 24. Ba3 Bg5 25. g3 h5 26. Ke2 Bf6 27. Bc5 g5 28. Be3 Qd7 29. Qe4 h4 30. gxh4 gxh4 31. c4 Qd6 32. Qg4+ Kh8 33. Bxa7 Qh2 34. Be3 h3 35. Bf4 Qh1 36. Qf3 Qa1 37. Qxh3+ Kg7 38. Qg2+ Kh8 39. Qe4 Qxa2 40. Be5 Bxe5 41. Qxe5+ Kg8 42. Qc3 Qa6 43. Qg3+ Kf8 44. d3 Qa2+ 45. Kf1 Qc2 46. Kg2 Ke8 47. Qh3 e6 48. Qf3 Ke7 49. Qb7+ Kd6 50. Qb6+ Ke7 51. Qd4 Qc1 52. c5 Qg5+ 53. Kf1 Qc1+ 54. Ke2 Qc2+ 55. Kf3 Qd1+ 56. Kg2 Qh5 57. Qd6+ Kf6 58. c6 Qg5+ 59. Kf1 Qc1+ 60. Ke2 Qc2+ 61. Ke3 Qc1+ 62. Kd4 Qa1+ 63. Kc4 Qa6+ 64. Kb3 Qb5+ 65. Kc3 Qa5+ 66. Kb3 1/2-1/2

[Event "Bayern-chI Bank Hofmann 25th"]
[Site "Tegernsee"]
[Date "2022.11.05"]
[Round "1"]
[White "Sanal, Vahap"]
[Black "Wenner, Tobias"]
[Result "1-0"]
[WhiteElo "2590"]
[BlackElo "2109"]
[PlyCount "69"]
[EventDate "2022.11.05"]
[EventType "swiss"]
[EventRounds "9"]
[EventCountry "GER"]
[SourceTitle "CBM 211 Extra"]
[Source "ChessBase"]
[SourceDate "2023.01.31"]
[SourceVersion "1"]
[SourceVersionDate "2023.01.31"]
[SourceQuality "1"]

1. e4 c5 2. Nf3 Nc6 3. Bb5 g6 4. Bxc6 dxc6 5. 0-0 Bg7 6. d3 Nf6 7. Nc3 Bg4 8. h3 Bxf3 9. Qxf3 Qc7 10. Be3 Nd7 11. Qe2 e5 12. f4 exf4 13. Bxf4 Ne5 14. Qf2 Qe7 15. Rae1 0-0 16. Nd1 Rad8 17. Ne3 b6 18. b3 Rfe8 19. Kh1 Rd7 20. g4 Bf6 21. Bg3 Bg5 22. Re2 Qe6 23. Qg2 Kh8 24. Be1 Bf6 25. h4 Bg7 26. Bc3 Qe7 27. Qg3 h6 28. Ref2 Kh7 29. Ba1 Rf8 30. g5 h5 31. Rf6 Nxd3 32. cxd3 Rxd3 33. R6f4 Bd4 34. Bxd4 cxd4 35. Nf5 1-0

[Event "GER-ch Seniors 50 34th"]
[Site "Magdeburg"]
[Date "2022.08.18"]
[Round "7"]
[White "Wenner, Tobias"]
[Black "Krause, Ullrich"]
[Result "1/2-1/2"]
[WhiteElo "2099"]
[BlackElo "2190"]
[PlyCount "125"]
[EventDate "2022.08.12"]
[EventType "swiss"]
[EventRounds "9"]
[EventCountry "GER"]
[SourceTitle "CBM 209 Extra"]
[Source "ChessBase"]
[SourceDate "2022.09.30"]
[SourceVersion "1"]
[SourceVersionDate "2022.09.30"]
[SourceQuality "1"]

1. Nf3 Nf6 2. c4 e6 3. g3 a6 4. Bg2 b5 5. b3 Bb7 6. 0-0 c5 7. Bb2 Be7 8. d3 0-0 9. Nbd2 d5 10. e3 Nbd7 11. Qe2 Qc7 12. cxd5 Bxd5 13. Rac1 Rac8 14. Rfd1 Qb8 15. d4 Qa8 16. Qf1 Ne4 17. Nxe4 Bxe4 18. dxc5 Nxc5 19. Nd4 Rfd8 20. Bxe4 Qxe4 21. Qg2 Qxg2+ 22. Kxg2 g6 23. b4 Na4 24. Nc6 Rxd1 25. Nxe7+ Kf8 26. Nxg6+ hxg6 27. Rxc8+ Ke7 28. Bd4 f6 29. Ra8 e5 30. Bc5+ Nxc5 31. bxc5 Rc1 32. Rxa6 Rxc5 33. h4 Rc2 34. e4 Kf7 35. g4 Rc4 36. f3 Kg7 37. Kg3 b4 38. Ra7+ Kg8 39. h5 g5 40. Rb7 Rc2 41. Rxb4 Rxa2 42. Rb1 Kg7 43. Rf1 Rb2 44. Rf2 Rb3 45. Rd2 Ra3 46. Kf2 Rb3 47. Ke2 Ra3 48. Rd3 Ra2+ 49. Ke3 Ra7 50. Rb3 Rd7 51. Rd3 Ra7 52. Kd2 Rc7 53. Rc3 Rd7+ 54. Kc2 Kf7 55. Rd3 Rc7+ 56. Kb3 Kg7 57. Kb4 Kf7 58. Rd5 Rb7+ 59. Kc4 Rc7+ 60. Rc5 Rd7 61. Kc3 Ra7 62. Kb4 Rb7+ 63. Kc4 1/2-1/2

[Event "GER-ch Seniors 50 34th"]
[Site "Magdeburg"]
[Date "2022.08.17"]
[Round "6"]
[White "Hirn, Oskar"]
[Black "Wenner, Tobias"]
[Result "1/2-1/2"]
[WhiteElo "2188"]
[BlackElo "2099"]
[PlyCount "76"]
[EventDate "2022.08.12"]
[EventType "swiss"]
[EventRounds "9"]
[EventCountry "GER"]
[SourceTitle "CBM 209 Extra"]
[Source "ChessBase"]
[SourceDate "2022.09.30"]
[SourceVersion "1"]
[SourceVersionDate "2022.09.30"]
[SourceQuality "1"]

1. c4 Nf6 2. Nc3 g6 3. e4 d6 4. g3 Bg7 5. Bg2 c5 6. Nge2 Nc6 7. 0-0 e5 8. d3 Be6 9. Nd5 Nd4 10. Nxd4 exd4 11. b4 Bxd5 12. exd5 0-0 13. bxc5 dxc5 14. Rb1 Qd7 15. d6 Rab8 16. Qf3 Ne8 17. Qd5 b6 18. Bf4 Rd8 19. Rfe1 Nxd6 20. Qxd6 Qxd6 21. Bxd6 Rxd6 22. Re7 Bf6 23. Rxa7 Re8 24. Bd5 Re7 25. Ra6 Re2 26. Rbxb6 Rxb6 27. Rxb6 Be7 28. Rb7 Kf8 29. a4 Ra2 30. Rb8+ Kg7 31. Rb7 Kf8 32. Rb8+ Kg7 33. Ra8 Ra3 34. Ra7 Kf8 35. Ra8+ Kg7 36. Ra7 Kf8 37. Ra8+ Kg7 38. Ra7 Kf8 1/2-1/2

[Event "GER-ch Seniors 50 32nd"]
[Site "Magdeburg"]
[Date "2020.08.16"]
[Round "3"]
[White "Wenner, Tobias"]
[Black "Biebinger, Gerhard"]
[Result "0-1"]
[WhiteElo "2119"]
[BlackElo "2226"]
[PlyCount "116"]
[EventDate "2020.08.14"]
[EventType "swiss"]
[EventRounds "9"]
[EventCountry "GER"]
[SourceTitle "EXT 2021"]
[Source "ChessBase"]
[SourceDate "2020.10.23"]
[SourceVersion "1"]
[SourceVersionDate "2020.10.23"]
[SourceQuality "1"]

1. Nf3 c5 2. e4 g6 3. c3 Bg7 4. d4 cxd4 5. cxd4 d5 6. e5 Nc6 7. Be2 Bg4 8. Nbd2 e6 9. h3 Bxf3 10. Nxf3 Qb6 11. 0-0 Nge7 12. b3 Nf5 13. Bb2 0-0 14. g4 Nfe7 15. Qd2 a5 16. Bc3 f6 17. exf6 Rxf6 18. Ne5 Rd8 19. Kg2 Rff8 20. f4 g5 21. Nxc6 Nxc6 22. Rad1 gxf4 23. Rxf4 Kh8 24. Rxf8+ Rxf8 25. Bf3 Qd8 26. Qe2 Qf6 27. Rd3 Ne7 28. Be1 Ng6 29. Bg3 Bh6 30. Be5 Nxe5 31. dxe5 Qg5 32. Rc3 Rf7 33. Rc8+ Kg7 34. Re8 Qg6 35. Rc8 Qg5 36. Re8 Qg6 37. Rc8 Bf4 38. h4 Qh6 39. Kh3 Bg5 40. h5 Be7 41. Rc7 Qf4 42. Kg2 Bh4 43. Rxf7+ Kxf7 44. Kf1 Kg7 45. Qd3 Qxe5 46. Bd1 Qf4+ 47. Kg2 Bf6 48. Qb5 Kh6 49. Qe2 Be5 50. Bc2 Qh2+ 51. Kf1 Qh1+ 52. Kf2 Qh2+ 53. Kf1 Qf4+ 54. Kg2 Kg7 55. Bd3 h6 56. Bb5 Qg3+ 57. Kf1 Bd4 58. Qxe6 Qf2# 0-1

[Event "Untergrombach op 37th"]
[Site "Untergrombach"]
[Date "2020.01.04"]
[Round "4"]
[White "Ehmann, Thilo"]
[Black "Wenner, Tobias"]
[Result "1/2-1/2"]
[WhiteElo "2322"]
[BlackElo "2120"]
[PlyCount "107"]
[EventDate "2020.01.02"]
[EventType "swiss"]
[EventRounds "7"]
[EventCountry "GER"]
[SourceTitle "CBM 194 Extra"]
[Source "ChessBase"]
[SourceDate "2020.03.31"]
[SourceVersion "1"]
[SourceVersionDate "2020.03.31"]
[SourceQuality "1"]

1. e4 c6 2. c4 d5 3. exd5 cxd5 4. cxd5 Nf6 5. Nc3 Nxd5 6. Nf3 e6 7. d4 Nxc3 8. bxc3 Qc7 9. Bd2 Nd7 10. Bd3 Bd6 11. Qe2 Bf4 12. 0-0 Bxd2 13. Nxd2 Nf6 14. Ne4 Nxe4 15. Qxe4 g6 16. Bb5+ Bd7 17. Bxd7+ Qxd7 18. Rab1 Rb8 19. c4 0-0 20. d5 b6 21. Rfd1 exd5 22. cxd5 Rfe8 23. Qf4 Rbc8 24. h3 Red8 25. Rb2 Qd6 26. Qf3 Rc5 27. Rbd2 h5 28. Qe3 Kg7 29. Qd4+ Qf6 30. Qa4 Ra5 31. Qc4 Rd6 32. Rd3 Rc5 33. Qb3 Qg5 34. Qb2+ Qf6 35. Qa3 Qg5 36. Qb3 a5 37. a3 b5 38. Qb2+ Qf6 39. Qd2 Qd8 40. Rd4 Qd7 41. Qb2 Kh7 42. Qb3 Qf5 43. g4 hxg4 44. hxg4 Qg5 45. Kg2 Kg7 46. Qf3 b4 47. axb4 axb4 48. Rf4 Rf6 49. Rxf6 Qxf6 50. Qe2 Rc7 51. d6 Rd7 52. Qd3 b3 53. Qxb3 Rxd6 54. Rxd6 1/2-1/2

[Event "Hessenliga 1819"]
[Site "Hessen"]
[Date "2019.05.12"]
[Round "9.8"]
[White "Korchounov, Andrei"]
[Black "Wenner, Tobias"]
[Result "0-1"]
[WhiteElo "1775"]
[BlackElo "2119"]
[PlyCount "76"]
[EventDate "2018.09.23"]
[EventType "team-tourn"]
[EventRounds "9"]
[EventCountry "GER"]
[SourceTitle "EXT 2020"]
[Source "ChessBase"]
[SourceDate "2019.10.17"]
[SourceVersion "1"]
[SourceVersionDate "2019.10.17"]
[SourceQuality "1"]
[WhiteTeam "Bad Nauheim"]
[BlackTeam "Bensheim"]
[WhiteTeamCountry "GER"]
[BlackTeamCountry "GER"]

1. c4 Nf6 2. g3 g6 3. Bg2 Bg7 4. Nc3 d6 5. e3 e5 6. Nge2 0-0 7. 0-0 c6 8. d3 Be6 9. h3 Qd7 10. Kh2 d5 11. b3 Na6 12. Bb2 h5 13. cxd5 Nxd5 14. d4 Nxc3 15. Bxc3 e4 16. Bxe4 Bxh3 17. Bg2 Bxg2 18. Kxg2 Rfe8 19. Rc1 Rad8 20. Nf4 Nc7 21. Qf3 Ne6 22. Nxe6 Qxe6 23. Rfd1 Rd5 24. Kg1 h4 25. gxh4 Rh5 26. d5 cxd5 27. Bxg7 Kxg7 28. Rd4 Rc8 29. Rxc8 Qxc8 30. Rxd5 Qc6 31. e4 Rxh4 32. Qe3 Qc2 33. Qd4+ Kh7 34. Rd8 Qb1+ 35. Qd1 Qxe4 36. f3 Qe3+ 37. Kg2 Qg5+ 38. Kf2 Rh2+ 0-1

[Event "GER-ch Seniors 50 31st"]
[Site "Radebeul"]
[Date "2019.04.30"]
[Round "5"]
[White "Kebbedies, Frank"]
[Black "Wenner, Tobias"]
[Result "1/2-1/2"]
[WhiteElo "1740"]
[BlackElo "2108"]
[PlyCount "61"]
[EventDate "2019.04.26"]
[EventType "swiss"]
[EventRounds "9"]
[EventCountry "GER"]
[SourceTitle "CBM 190 Extra"]
[Source "ChessBase"]
[SourceDate "2019.07.15"]
[SourceVersion "1"]
[SourceVersionDate "2019.07.15"]
[SourceQuality "1"]

1. d4 f5 2. Nf3 Nf6 3. c4 g6 4. g3 Bg7 5. Nc3 d6 6. Bg2 0-0 7. 0-0 c6 8. d5 e5 9. dxe6 Bxe6 10. Qd3 Na6 11. Bf4 Ne8 12. Ng5 Bc8 13. Rad1 Nc5 14. Qd2 Ne6 15. Nxe6 Bxe6 16. b3 Qa5 17. Na4 Qxd2 18. Rxd2 Rd8 19. Rfd1 Kf7 20. Bxd6 Nxd6 21. Rxd6 Ke7 22. Rxd8 Rxd8 23. Rxd8 Kxd8 24. Nc5 Bc8 25. h4 b6 26. Nd3 Kc7 27. e4 Kd6 28. Kf1 c5 29. Ke2 Bd4 30. Nf4 Bd7 31. Nd5 1/2-1/2

[Event "GER-ch Seniors 50 31st"]
[Site "Radebeul"]
[Date "2019.04.29"]
[Round "4"]
[White "Wenner, Tobias"]
[Black "Bigott, Martin"]
[Result "1-0"]
[WhiteElo "2108"]
[BlackElo "1782"]
[PlyCount "49"]
[EventDate "2019.04.26"]
[EventType "swiss"]
[EventRounds "9"]
[EventCountry "GER"]
[SourceTitle "CBM 190 Extra"]
[Source "ChessBase"]
[SourceDate "2019.07.15"]
[SourceVersion "1"]
[SourceVersionDate "2019.07.15"]
[SourceQuality "1"]

1. Nf3 c5 2. c4 g6 3. Nc3 Bg7 4. d4 cxd4 5. Nxd4 Nc6 6. e3 d6 7. Be2 a6 8. 0-0 Nf6 9. b3 0-0 10. Bb2 Nxd4 11. Qxd4 Bd7 12. Qd2 Qc8 13. Rac1 Bg4 14. f3 Bd7 15. e4 Qc5+ 16. Kh1 Rfd8 17. Nd5 Nxd5 18. cxd5 Qb6 19. Bxg7 Kxg7 20. h4 h5 21. f4 Rac8 22. Bf3 Rxc1 23. Rxc1 Rc8 24. Rxc8 Bxc8 25. Qc3+ 1-0

[Event "Hessenliga 1819"]
[Site "Hessen"]
[Date "2019.02.17"]
[Round "6.8"]
[White "Wenner, Tobias"]
[Black "Voellinger, Florian"]
[Result "1-0"]
[WhiteElo "2119"]
[BlackElo "1873"]
[PlyCount "97"]
[EventDate "2018.09.23"]
[EventType "team-tourn"]
[EventRounds "9"]
[EventCountry "GER"]
[SourceTitle "EXT 2020"]
[Source "ChessBase"]
[SourceDate "2019.10.17"]
[SourceVersion "1"]
[SourceVersionDate "2019.10.17"]
[SourceQuality "1"]
[WhiteTeam "Bensheim"]
[BlackTeam "Dettingen"]
[WhiteTeamCountry "GER"]
[BlackTeamCountry "GER"]

1. Nf3 Nf6 2. c4 b6 3. d4 e6 4. g3 Bb7 5. Bg2 c5 6. 0-0 Be7 7. d5 exd5 8. Nh4 0-0 9. cxd5 d6 10. Nf5 Na6 11. Nc3 Re8 12. Nxe7+ Qxe7 13. e4 c4 14. Be3 Nd7 15. Bd4 Nac5 16. Re1 a6 17. f4 f6 18. Re3 b5 19. Qe2 Rac8 20. Nd1 Nd3 21. Bh3 Rc7 22. Be6+ Kh8 23. Nf2 N7c5 24. f5 Bc8 25. Nxd3 Nxd3 26. Rf1 Bxe6 27. fxe6 Ne5 28. Qh5 g6 29. Qh4 Kg7 30. g4 h6 31. Qg3 b4 32. h4 g5 33. Kg2 Rh8 34. Rh1 Qe8 35. hxg5 hxg5 36. Rxh8 Kxh8 37. Bxe5 fxe5 38. Rf3 Qg6 39. Qe1 a5 40. Rf5 Kg7 41. Qe3 Kh6 42. Qb6 Qg7 43. Rf7 Rxf7 44. exf7 Qxf7 45. Qxd6+ Kh7 46. Qxe5 c3 47. bxc3 bxc3 48. Qxc3 Qf4 49. Qf3 1-0

[Event "Hessenliga 1819"]
[Site "Hessen"]
[Date "2019.02.03"]
[Round "5.8"]
[White "Casagrande, Thomas"]
[Black "Wenner, Tobias"]
[Result "0-1"]
[WhiteElo "2015"]
[BlackElo "2119"]
[PlyCount "94"]
[EventDate "2018.09.23"]
[EventType "team-tourn"]
[EventRounds "9"]
[EventCountry "GER"]
[SourceTitle "EXT 2020"]
[Source "ChessBase"]
[SourceDate "2019.10.17"]
[SourceVersion "1"]
[SourceVersionDate "2019.10.17"]
[SourceQuality "1"]
[WhiteTeam "Frankfurt TV"]
[BlackTeam "Bensheim"]
[WhiteTeamCountry "GER"]
[BlackTeamCountry "GER"]

1. d4 f5 2. Nf3 Nf6 3. c4 g6 4. Nc3 d6 5. Qb3 Bg7 6. Bg5 c6 7. e3 Qb6 8. Qc2 Nbd7 9. 0-0-0 Qc7 10. h3 e5 11. dxe5 dxe5 12. e4 f4 13. g3 fxg3 14. fxg3 0-0 15. Be2 Nc5 16. Kb1 Nfxe4 17. Nxe4 Nxe4 18. Ka1 Nf2 19. g4 Nxh1 20. Rxh1 Be6 21. Nd2 e4 22. Nxe4 Qe5 23. Bd2 Rad8 24. Bc3 Qc7 25. h4 Bxc3 26. Qxc3 Qg7 27. Qc2 Qe5 28. h5 Rf4 29. Nc3 g5 30. Bd3 h6 31. Be2 Qg7 32. Rd1 Rxd1+ 33. Qxd1 Rd4 34. Qe1 Qe5 35. Qb1 Bf7 36. a3 a6 37. Qf1 Be6 38. Qb1 Bf7 39. Qf1 Rf4 40. Qd1 Qd4 41. Qc2 Kh8 42. b3 Rf2 43. Ka2 Qxg4 44. Qd2 Qf4 45. Qd8+ Kg7 46. Kb1 Rxe2 47. Nxe2 Qe4+ 0-1

[Event "Basel op"]
[Site "Basel"]
[Date "2019.01.06"]
[Round "7"]
[White "Wenner, Tobias"]
[Black "Schmahl, Stephan"]
[Result "1/2-1/2"]
[WhiteElo "2125"]
[BlackElo "2111"]
[PlyCount "35"]
[EventDate "2019.01.02"]
[EventType "swiss"]
[EventRounds "7"]
[EventCountry "SUI"]
[SourceTitle "CBM 188 Extra"]
[Source "ChessBase"]
[SourceDate "2019.02.26"]
[SourceVersion "1"]
[SourceVersionDate "2019.02.26"]
[SourceQuality "1"]

1. Nf3 Nf6 2. c4 g6 3. g3 Bg7 4. Bg2 0-0 5. 0-0 d6 6. d4 Nbd7 7. Nc3 e5 8. e4 exd4 9. Nxd4 Re8 10. h3 Nc5 11. Re1 a5 12. Ndb5 Nfd7 13. Nd5 c6 14. Nxd6 cxd5 15. Nxe8 Qxe8 16. exd5 Qf8 17. f4 Nf6 18. g4 1/2-1/2

[Event "Basel op"]
[Site "Basel"]
[Date "2019.01.02"]
[Round "1"]
[White "Wenner, Tobias"]
[Black "Ananya, Rishi Gupta"]
[Result "1-0"]
[WhiteElo "2125"]
[BlackElo "1976"]
[PlyCount "71"]
[EventDate "2019.01.02"]
[EventType "swiss"]
[EventRounds "7"]
[EventCountry "SUI"]
[SourceTitle "CBM 188 Extra"]
[Source "ChessBase"]
[SourceDate "2019.02.26"]
[SourceVersion "1"]
[SourceVersionDate "2019.02.26"]
[SourceQuality "1"]

1. Nf3 d5 2. c4 c6 3. g3 Nf6 4. Bg2 Bf5 5. Qb3 Qc8 6. cxd5 cxd5 7. Nc3 e6 8. d3 Be7 9. Bf4 Nh5 10. Bd2 Nc6 11. Rc1 h6 12. Qa4 Qd7 13. g4 d4 14. gxh5 dxc3 15. Bxc3 Rg8 16. Nd4 Nxd4 17. Qxd4 Qb5 18. Qe5 Qd7 19. Qd4 Qb5 20. a4 Qb3 21. a5 Qb5 22. Qe5 Qxe5 23. Bxe5 Bb4+ 24. Bc3 Bxc3+ 25. Rxc3 Rb8 26. Rc7 Bg4 27. Kd2 Bxh5 28. Bxb7 Kd8 29. Rhc1 Re8 30. a6 Re7 31. Rc8+ Rxc8 32. Rxc8+ Kd7 33. b4 Re8 34. Rxe8 Kxe8 35. b5 Kd7 36. b6 1-0

[Event "Hessenliga 1819"]
[Site "Hessen"]
[Date "2018.12.09"]
[Round "4.8"]
[White "Wenner, Tobias"]
[Black "Kues, Jarl Hendrik"]
[Result "1/2-1/2"]
[WhiteElo "2119"]
[BlackElo "2137"]
[PlyCount "34"]
[EventDate "2018.09.23"]
[EventType "team-tourn"]
[EventRounds "9"]
[EventCountry "GER"]
[SourceTitle "EXT 2020"]
[Source "ChessBase"]
[SourceDate "2019.10.17"]
[SourceVersion "1"]
[SourceVersionDate "2019.10.17"]
[SourceQuality "1"]
[WhiteTeam "Bensheim"]
[BlackTeam "Frankfurt BvK"]
[WhiteTeamCountry "GER"]
[BlackTeamCountry "GER"]

1. Nf3 Nf6 2. c4 c5 3. Nc3 g6 4. g3 Bg7 5. Bg2 0-0 6. 0-0 Nc6 7. d4 cxd4 8. Nxd4 Nxd4 9. Qxd4 d6 10. Qd3 a6 11. Bd2 Rb8 12. Rac1 Bd7 13. b3 Bc6 14. Nd5 Re8 15. Bc3 Nxd5 16. cxd5 Bb5 17. Qd2 Bxc3 1/2-1/2

[Event "Bayern-chI Bank Hofmann 22nd"]
[Site "Tegernsee"]
[Date "2018.10.28"]
[Round "2"]
[White "Caspi, Israel"]
[Black "Wenner, Tobias"]
[Result "1-0"]
[WhiteElo "2471"]
[BlackElo "2119"]
[PlyCount "87"]
[EventDate "2018.10.27"]
[EventType "swiss"]
[EventRounds "9"]
[EventCountry "GER"]
[SourceTitle "CBM 187 Extra"]
[Source "ChessBase"]
[SourceDate "2018.11.04"]
[SourceVersion "1"]
[SourceVersionDate "2018.11.04"]
[SourceQuality "1"]

1. e4 c5 2. Nf3 Nc6 3. d4 cxd4 4. Nxd4 Nf6 5. Nc3 d6 6. f3 e5 7. Nb3 Be7 8. Be3 0-0 9. Qd2 a5 10. Bb5 Be6 11. Rd1 Na7 12. Be2 Nc6 13. Bb5 Na7 14. Bd3 Nc8 15. 0-0 a4 16. Nc1 Nb6 17. Qf2 Nc4 18. Bxc4 Bxc4 19. Rfe1 Qc8 20. a3 Qc6 21. Nd3 Bxd3 22. Rxd3 h6 23. Red1 Rfc8 24. R1d2 b5 25. Na2 Qb7 26. Nb4 Rc4 27. c3 Kf8 28. Rd1 Rd8 29. Qd2 Rdc8 30. h3 Kg8 31. g4 Nh7 32. Nd5 Bd8 33. Qg2 R8c6 34. Nb4 Rc8 35. Rxd6 Bg5 36. Bf2 Nf6 37. Rb6 Qa8 38. Rxb5 Bf4 39. Rb6 Rd8 40. Rbd6 Rcc8 41. Qf1 h5 42. Qa6 Rxd6 43. Rxd6 hxg4 44. Qxa8 1-0

[Event "Baden-ch"]
[Site "Sasbach"]
[Date "2018.07.27"]
[Round "4"]
[White "Wenner, Tobias"]
[Black "Plaul, Eckart"]
[Result "0-1"]
[WhiteElo "2128"]
[BlackElo "2041"]
[PlyCount "80"]
[EventDate "2018.07.25"]
[EventType "swiss"]
[EventRounds "7"]
[EventCountry "GER"]
[SourceTitle "CBM 186 Extra"]
[Source "ChessBase"]
[SourceDate "2018.08.24"]
[SourceVersion "1"]
[SourceVersionDate "2018.08.24"]
[SourceQuality "1"]

1. Nf3 d5 2. c4 d4 3. b4 Bg4 4. d3 Bxf3 5. exf3 e5 6. Qa4+ Qd7 7. Qxd7+ Nxd7 8. Bd2 a5 9. bxa5 Ne7 10. Na3 Nc6 11. Nc2 Nxa5 12. Be2 Bd6 13. 0-0 0-0 14. Rfb1 Nc5 15. Rb5 Nc6 16. a3 Nd8 17. Rab1 Nde6 18. Kf1 f5 19. Bb4 b6 20. Bxc5 Bxc5 21. g3 g5 22. Bd1 h5 23. a4 Kg7 24. Nb4 Bxb4 25. R1xb4 Kf6 26. Ke2 Ra6 27. c5 Nxc5 28. a5 Nd7 29. axb6 Rxb6 30. Rxb6+ Nxb6 31. Bb3 Rb8 32. f4 gxf4 33. gxf4 c5 34. fxe5+ Kxe5 35. Rb5 Nd7 36. Rxb8 Nxb8 37. h4 Kf4 38. Be6 Nc6 39. Bf7 Kg4 40. f4 Nb4 0-1

[Event "Baden-ch"]
[Site "Sasbach"]
[Date "2018.07.26"]
[Round "2"]
[White "Wenner, Tobias"]
[Black "Doeserich, Juergen"]
[Result "1-0"]
[WhiteElo "2128"]
[BlackElo "2016"]
[PlyCount "117"]
[EventDate "2018.07.25"]
[EventType "swiss"]
[EventRounds "7"]
[EventCountry "GER"]
[SourceTitle "CBM 186 Extra"]
[Source "ChessBase"]
[SourceDate "2018.08.24"]
[SourceVersion "1"]
[SourceVersionDate "2018.08.24"]
[SourceQuality "1"]

1. Nf3 c5 2. c4 Nc6 3. Nc3 g6 4. e3 Bg7 5. d4 cxd4 6. exd4 d6 7. Be2 Nf6 8. 0-0 0-0 9. d5 Nb8 10. h3 Na6 11. Nd4 Bd7 12. Be3 Qc8 13. Rc1 b6 14. a3 Nc5 15. b4 Nce4 16. Nxe4 Nxe4 17. Bf3 f5 18. Qd3 Nf6 19. b5 Qe8 20. Rfe1 Rc8 21. Nc6 Bxc6 22. bxc6 Qf7 23. Bd4 Rc7 24. Re6 Ne8 25. Rce1 Bxd4 26. Qxd4 Ng7 27. R6e2 g5 28. g4 f4 29. Be4 Qf6 30. Qd3 h5 31. Bg6 hxg4 32. hxg4 f3 33. Re3 Qf4 34. Qe4 Rf6 35. Qxf4 Rxf4 36. Re4 e5 37. dxe6 Rxe4 38. Bxe4 Kf8 39. Bxf3 Ke7 40. Kg2 Kf6 41. Bd5 Re7 42. Re3 Rc7 43. Rf3+ Ke5 44. Re3+ Kf6 45. Kg3 Ne8 46. f4 gxf4+ 47. Kxf4 Rg7 48. Rh3 Nc7 49. Rh6+ Ke7 50. Kf5 b5 51. g5 bxc4 52. Bxc4 d5 53. Be2 Kd6 54. Bh5 Re7 55. Bf7 Nb5 56. Rh4 Nc7 57. g6 Nxe6 58. Bxe6 Rxe6 59. g7 1-0

[Event "Ortisei Server24 op 4th"]
[Site "Ortisei"]
[Date "2018.06.16"]
[Round "1"]
[White "Santos Latasa, Jaime"]
[Black "Wenner, Tobias"]
[Result "1-0"]
[WhiteElo "2567"]
[BlackElo "2161"]
[PlyCount "51"]
[EventDate "2018.06.16"]
[EventType "tourn"]
[EventRounds "9"]
[EventCountry "ITA"]
[SourceTitle "CBM 185 Extra"]
[Source "ChessBase"]
[SourceDate "2018.07.29"]
[SourceVersion "1"]
[SourceVersionDate "2018.07.29"]
[SourceQuality "1"]

1. d4 Nf6 2. Nf3 g6 3. g3 Bg7 4. Bg2 0-0 5. 0-0 d6 6. b3 Nc6 7. Bb2 e5 8. dxe5 Ng4 9. c4 Ngxe5 10. Nxe5 Nxe5 11. Nc3 Rb8 12. Qd2 Be6 13. Rad1 Nc6 14. h3 Qe7 15. Nd5 Bxd5 16. cxd5 Bxb2 17. dxc6 Ba3 18. cxb7 Bc5 19. b4 Bb6 20. a4 a6 21. a5 Ba7 22. Qd3 Rbe8 23. Qxa6 Bb8 24. e3 Qf6 25. Qa8 Qc3 26. a6 1-0

[Event "Oberliga Baden 1718"]
[Site "Baden"]
[Date "2018.02.04"]
[Round "6.7"]
[White "Fichter, Fabian"]
[Black "Wenner, Tobias"]
[Result "1/2-1/2"]
[WhiteElo "2165"]
[BlackElo "2155"]
[PlyCount "76"]
[EventDate "2017.10.08"]
[EventType "team-tourn"]
[EventRounds "9"]
[EventCountry "GER"]
[SourceTitle "EXT 2019"]
[Source "ChessBase"]
[SourceDate "2018.10.10"]
[SourceVersion "1"]
[SourceVersionDate "2018.10.10"]
[SourceQuality "1"]
[WhiteTeam "Walldorf"]
[BlackTeam "Ladenburg"]
[WhiteTeamCountry "GER"]
[BlackTeamCountry "GER"]

1. e4 c6 2. d4 d5 3. f3 g6 4. e5 Bg7 5. f4 Nh6 6. Nf3 Bg4 7. Be2 e6 8. 0-0 Nf5 9. c3 h5 10. Na3 Nd7 11. Nc2 c5 12. Ne3 Nxe3 13. Bxe3 cxd4 14. Bxd4 a6 15. Nd2 Bxe2 16. Qxe2 Bf8 17. Qf2 Rc8 18. b4 Be7 19. g3 Qc7 20. h3 Qc6 21. Nb3 b6 22. a4 Qb7 23. a5 b5 24. Rad1 Qc6 25. Nd2 Kd8 26. Rfe1 Kc7 27. Nf3 Kb7 28. Rd3 Qc4 29. Red1 Nb8 30. Be3 Ka8 31. Bc1 Rc6 32. Be3 Rcc8 33. Bc1 Rc6 34. Be3 Rc7 35. Bb6 Rcc8 36. Be3 Rc7 37. Bb6 Rcc8 38. Be3 Rc7 1/2-1/2

[Event "Basel op"]
[Site "Basel"]
[Date "2018.01.07"]
[Round "9"]
[White "Lee, Qing Aun"]
[Black "Wenner, Tobias"]
[Result "1-0"]
[WhiteElo "2277"]
[BlackElo "2145"]
[PlyCount "85"]
[EventDate "2018.01.02"]
[EventType "swiss"]
[EventRounds "9"]
[EventCountry "SUI"]
[SourceTitle "CBM 182 Extra"]
[Source "ChessBase"]
[SourceDate "2018.02.23"]
[SourceVersion "1"]
[SourceVersionDate "2018.02.23"]
[SourceQuality "1"]

1. e4 g6 2. d4 Bg7 3. Nc3 d6 4. Bg5 h6 5. Be3 Nd7 6. Qd2 e6 7. g3 b6 8. Bg2 Bb7 9. Nge2 Ne7 10. 0-0 d5 11. h3 Kf8 12. Rad1 Kg8 13. f4 f5 14. exf5 exf5 15. Nc1 Nf6 16. Nd3 Kh7 17. Ne5 Re8 18. g4 Ne4 19. Nxe4 dxe4 20. c4 Nc6 21. b4 Qe7 22. Nxc6 Bxc6 23. d5 Ba4 24. Rb1 Bd7 25. gxf5 Bxf5 26. Rfd1 Qd7 27. Kh2 a5 28. d6 axb4 29. Rxb4 Ra3 30. Rb3 Rea8 31. dxc7 Qxc7 32. Bxb6 Qxc4 33. Rc1 Qe6 34. Qe3 Rxa2 35. Rc7 Rc8 36. Rbc3 Rxc7 37. Rxc7 Qd6 38. Qc3 Qxf4+ 39. Kh1 Ra1+ 40. Bg1 Qxc7 41. Qxc7 e3 42. Qe7 Re1 43. Kh2 1-0